000 02016cam a2200397 a 4500
999 _c113656
_d113656
003 BJBSDDR
005 20230411090616.0
007 ta
008 080724s2009 nyu b 001 0 eng
020 _a9780385520393
020 _a0385520395
035 _a(OCoLC)ocn229027451
040 _aDLC
_cDLC
_bspa
041 _aeng
050 0 0 _aBX 1753
_bA427f 2009
082 0 0 _a282.09
_222
100 1 _aAllen, John L.
_cJr.,
_d1965-
245 1 4 _aThe future church :
_bhow ten trends are revolutionizing the Catholic Church /
_cJohn L. Allen, Jr.
250 _a1st ed.
260 _aNew York :
_bImage
_c2009.
300 _aviii, 469 p. ;
_c25 cm.
504 _aIncludes bibliographical references and index.
505 0 _aTrend one : a world church -- Trend two : evangelical Catholicism -- Trend three : Islam -- Trend four : the new demography -- Trend five : expanding lay roles -- Trend six : the biotech revolution -- Trend seven : globalization -- Trend eight : ecology -- Trend nine : multipolarism -- Trend ten : Pentecostalism -- Trends that aren't -- Catholicism in the twenty-first century.
520 _aOffers a forecast about the future of the Catholic Church and the implications of the changes that will occur, identifying ten important trends that will revolutionize the the policies, doctrines, and practices of Catholicism over the next century.
610 2 0 _aCatholic Church
_xDoctrines
_xForecasting.
650 0 _aChristian sociology
_xCatholic Church
_xForecasting.
650 0 _aTwenty-second century
_vForecasts.
650 4 _aIglesia Católica
_911217
650 4 _aIglesia Católica
_97667
_xDoctrinas
650 4 _aHistoria del cristianismo
_911216
856 4 1 _3Table of contents only
_uhttp://www.loc.gov/catdir/toc/ecip0825/2008032650.html
906 _a7
_bcbc
_corignew
_d1
_eecip
_f20
_gy-gencatlg
942 _2lcc
_cBK
946 _ilmm